| 000 | 00672nam a22001817a 4500 | ||
|---|---|---|---|
| 003 | OSt | ||
| 005 | 20250923045755.0 | ||
| 008 | 250923b |||||||| |||| 00| 0 eng d | ||
| 020 | _a978-1-84872-593-5 | ||
| 040 |
_aDWC-Main Lib. _cOC |
||
| 245 |
_aThe new psychology of language : _bcognitive and functional approaches to language structure/ |
||
| 260 |
_aNew York : _bPsychology Press, _cc2014. |
||
| 300 |
_a[1 volume], 275 pages : _billustrations ; _c23 cm. |
||
| 490 | _a(Psychology press classic edition) | ||
| 504 | _aIncludes bibliographical references. | ||
| 650 | _aPsycholinguistics. I. Tomacello, Michael. II. Title. | ||
| 942 |
_2ddc _cBK-CIRC _hCirc. _n0 |
||
| 999 |
_c4506 _d4506 |
||